[Event "El Ksiba op"]
[Site "El Ksiba"]
[Date "2019.04.13"]
[Round "9"]
[White "Saber, Yasser"]
[Black "Kukov, Velislav"]
[Result "1-0"]
[WhiteElo "2136"]
[BlackElo "2351"]
[PlyCount "113"]
[EventDate "2019.04.08"]
[EventType "swiss"]
[EventRounds "9"]
[EventCountry "MAR"]
[SourceTitle "CBM 189 Extra"]
[Source "ChessBase"]
[SourceDate "2019.06.03"]
[SourceVersion "1"]
[SourceVersionDate "2019.06.03"]
[SourceQuality "1"]

1. d3 d5 2. g3 Nf6 3. Bg2 g6 4. f4 Bg7 5. Nf3 0-0 6. 0-0 b6 7. c3 Bb7 8. Na3 Nbd7 9. Qc2 c5 10. Re1 a6 11. e4 c4 12. e5 cxd3 13. Qxd3 Nc5 14. Qc2 Ne8 15. Be3 Nc7 16. b4 Nd7 17. Nd4 e6 18. Nc4 Nb5 19. a4 Qc7 20. axb5 Qxc4 21. bxa6 Bxa6 22. b5 Bb7 23. Nc6 Rxa1 24. Rxa1 Ra8 25. Rxa8+ Bxa8 26. Bf1 Qe4 27. Qxe4 dxe4 28. Bg2 f6 29. Bxe4 fxe5 30. fxe5 Kf8 31. Bd4 Ke8 32. Bg2 Bf8 33. Bh3 Nc5 34. Kf1 Bxc6 35. bxc6 Kd8 36. Bxc5 bxc5 37. Bxe6 Bg7 38. Bg8 h5 39. e6 h4 40. Bf7 Be5 41. gxh4 Ke7 42. c4 Bxh2 43. Kg2 Be5 44. Kf3 Bc7 45. Kg4 Kf6 46. Kf3 Ke7 47. Kg4 Kf6 48. Kh3 Be5 49. Kg2 Bc7 50. Kf2 Bd8 51. Ke3 Ke7 52. Bxg6 Kxe6 53. h5 Kd6 54. Be8 Ke5 55. h6 Kd6 56. h7 Bf6 57. Ke4 1-0

[Event "Olympiad-43"]
[Site "Batumi"]
[Date "2018.09.27"]
[Round "4.26"]
[White "Saber, Yasser"]
[Black "Kacharava, Nikoloz"]
[Result "0-1"]
[WhiteElo "2192"]
[BlackElo "2373"]
[PlyCount "66"]
[EventDate "2018.09.24"]
[EventType "team-swiss"]
[EventRounds "11"]
[EventCountry "GEO"]
[SourceTitle "CBM 187"]
[Source "ChessBase"]
[SourceDate "2018.12.11"]
[SourceVersion "1"]
[SourceVersionDate "2018.12.11"]
[SourceQuality "1"]
[WhiteTeam "Morocco"]
[BlackTeam "Georgia III"]
[WhiteTeamCountry "MAR"]
[BlackTeamCountry "GEO"]

1. d4 d6 2. c4 e5 3. Nf3 e4 4. Ng5 f5 5. Nc3 c6 6. g3 Be7 7. Nh3 Nf6 8. Bg2 0-0 9. 0-0 Na6 10. d5 Nc5 11. f3 cxd5 12. cxd5 a5 13. Be3 b5 14. a3 Bb7 15. b4 axb4 16. axb4 Rxa1 17. Qxa1 Na4 18. Nxa4 bxa4 19. Nf4 Qd7 20. Ne6 Ra8 21. fxe4 fxe4 22. Bxe4 Qb5 23. Bg2 Rc8 24. Bg5 Bxd5 25. Bxf6 Bxf6 26. Rxf6 gxf6 27. Bxd5 Qxd5 28. Qxf6 Qe5 29. Qh6 a3 30. Ng5 Qf5 31. Nxh7 a2 32. Nf6+ Kf7 33. g4 a1Q+ 0-1

[Event "Balaton IM 36th"]
[Site "Balatonlelle"]
[Date "2018.06.14"]
[Round "3"]
[White "Saber, Yasser"]
[Black "Gungl, Theo"]
[Result "1-0"]
[WhiteElo "2266"]
[BlackElo "2237"]
[PlyCount "75"]
[EventDate "2018.06.12"]
[EventType "tourn"]
[EventRounds "9"]
[EventCountry "HUN"]
[EventCategory "2"]
[SourceTitle "CBM 185 Extra"]
[Source "ChessBase"]
[SourceDate "2018.07.29"]
[SourceVersion "1"]
[SourceVersionDate "2018.07.29"]
[SourceQuality "1"]

1. d3 g6 2. g3 Bg7 3. Bg2 e5 4. Nf3 Nc6 5. 0-0 Nge7 6. e4 0-0 7. Nc3 d6 8. Be3 Nd4 9. Ne2 Nxf3+ 10. Bxf3 h6 11. Bg2 Kh7 12. d4 b6 13. f4 Ba6 14. Rf2 c5 15. c3 exd4 16. cxd4 Bb7 17. Nc3 f5 18. dxc5 dxc5 19. Rd2 Qe8 20. e5 Bxg2 21. Kxg2 Rd8 22. Rxd8 Qxd8 23. Qf3 Qb8 24. Rd1 Rd8 25. Rxd8 Qxd8 26. Qb7 Kg8 27. Kf2 Bf8 28. Qxa7 Nc6 29. Qb7 Nb4 30. a3 Nd3+ 31. Ke2 Nxb2 32. Nd5 Bg7 33. e6 Qe8 34. Qd7 Kf8 35. Nxb6 Bd4 36. Nc8 Nc4 37. e7+ Kf7 38. Qd5+ 1-0

[Event "Balaton IM 36th"]
[Site "Balatonlelle"]
[Date "2018.06.12"]
[Round "1"]
[White "Saber, Yasser"]
[Black "Urh, Zala"]
[Result "0-1"]
[WhiteElo "2266"]
[BlackElo "2248"]
[PlyCount "110"]
[EventDate "2018.06.12"]
[EventType "tourn"]
[EventRounds "9"]
[EventCountry "HUN"]
[EventCategory "2"]
[SourceTitle "CBM 185 Extra"]
[Source "ChessBase"]
[SourceDate "2018.07.29"]
[SourceVersion "1"]
[SourceVersionDate "2018.07.29"]
[SourceQuality "1"]

1. d4 Nf6 2. c4 e6 3. Nc3 Bb4 4. e3 0-0 5. Bd3 c5 6. Nge2 d5 7. 0-0 cxd4 8. exd4 dxc4 9. Bxc4 Nbd7 10. Bg5 h6 11. Bh4 Be7 12. Rc1 Nb6 13. Bb3 Nbd5 14. Nxd5 Nxd5 15. Bxe7 Nxe7 16. Qd3 Bd7 17. Rc5 Bc6 18. Nf4 Qd6 19. Re5 Rfd8 20. Rd1 Qxe5 21. dxe5 Rxd3 22. Rxd3 g5 23. Nh5 Ng6 24. Re3 Rd8 25. Nf6+ Kg7 26. Ne4 Rd4 27. Bc2 Rc4 28. Nc3 Nf4 29. g3 Nd5 30. Rd3 Nb4 31. Rd2 Rc5 32. f4 gxf4 33. gxf4 Rc4 34. f5 Rg4+ 35. Kf1 Rf4+ 36. Kg1 exf5 37. Bb3 Rf3 38. Bc4 Re3 39. a3 Na6 40. Bxa6 bxa6 41. Rd6 Bb5 42. Rd5 Bc4 43. Rc5 Re1+ 44. Kf2 Rf1+ 45. Kg2 Rf4 46. Nd5 Rd4 47. Nf6 Be6 48. Rc2 Kg6 49. Kf3 f4 50. Re2 Kf5 51. Kf2 Bc4 52. Re1 Rd2+ 53. Kg1 f3 54. Ne4 Rg2+ 55. Kh1 f2 0-1

[Event "Budapest FS06 IM"]
[Site "Budapest"]
[Date "2018.06.11"]
[Round "8"]
[White "McPhillips, Joseph"]
[Black "Saber, Yasser"]
[Result "1-0"]
[WhiteElo "2399"]
[BlackElo "2266"]
[PlyCount "61"]
[EventDate "2018.06.02"]
[EventType "tourn"]
[EventRounds "9"]
[EventCountry "HUN"]
[SourceTitle "CBM 184 Extra"]
[Source "ChessBase"]
[SourceDate "2018.06.28"]
[SourceVersion "1"]
[SourceVersionDate "2018.06.28"]
[SourceQuality "1"]

1. e4 d6 2. d4 Nf6 3. Nc3 g6 4. Nf3 Bg7 5. h3 0-0 6. Be3 a6 7. a4 Nc6 8. a5 e5 9. d5 Ne7 10. g4 Ne8 11. g5 f5 12. gxf6 Nxf6 13. Nd2 Nh5 14. Nc4 Bd7 15. Qd2 Nc8 16. b3 Nf4 17. 0-0-0 Na7 18. Na3 Nc8 19. Ne2 c5 20. dxc6 Bxc6 21. Ng3 Kh8 22. Kb1 d5 23. exd5 Nxd5 24. Bg2 Qe7 25. Bxd5 Qxa3 26. Bxc6 bxc6 27. Ne4 Qe7 28. Bc5 Qh4 29. Bxf8 Qxe4 30. Qd8 Nb6 31. Bxg7+ 1-0

[Event "Budapest FS06 IM"]
[Site "Budapest"]
[Date "2018.06.03"]
[Round "2"]
[White "Saber, Yasser"]
[Black "Lyell, Mark"]
[Result "1/2-1/2"]
[WhiteElo "2266"]
[BlackElo "2292"]
[PlyCount "171"]
[EventDate "2018.06.02"]
[EventType "tourn"]
[EventRounds "9"]
[EventCountry "HUN"]
[SourceTitle "CBM 184 Extra"]
[Source "ChessBase"]
[SourceDate "2018.06.28"]
[SourceVersion "1"]
[SourceVersionDate "2018.06.28"]
[SourceQuality "1"]

1. d3 e5 2. Nf3 Nc6 3. g3 d5 4. a3 Bg4 5. Bg2 f6 6. b4 Qd7 7. h3 Be6 8. Nbd2 a5 9. b5 Na7 10. a4 Bb4 11. Bb2 Ne7 12. c3 Bd6 13. e4 c6 14. 0-0 0-0 15. Kh2 cxb5 16. exd5 Nxd5 17. axb5 Qxb5 18. c4 Qxb2 19. cxd5 Bxd5 20. Rxa5 Nb5 21. Nxe5 Bxg2 22. Rxa8 Rxa8 23. Nec4 Qd4 24. Kxg2 Qxd3 25. Qe1 Nc7 26. Qb1 Qd5+ 27. Kg1 Bc5 28. Qe4 b5 29. Qxd5+ Nxd5 30. Nb2 Ra2 31. Nb3 Rxb2 32. Nxc5 Rc2 33. Ne6 b4 34. Rd1 b3 35. Nd4 Nc3 36. Re1 Rb2 37. Kg2 Na4 38. Re8+ Kf7 39. Rb8 Nc5 40. Rb5 Nd3 41. Rxb3 Rxf2+ 42. Kg1 Rd2 43. Rb7+ Kg6 44. Ne6 Re2 45. Re7 Re1+ 46. Kg2 f5 47. Nf8+ Kh6 48. Rd7 Re2+ 49. Kf3 Re8 50. Rd6+ g6 51. Ne6 Ne5+ 52. Kg2 Nf7 53. Ra6 Ng5 54. Nxg5 Kxg5 55. Kf3 Rb8 56. Ra7 Rb3+ 57. Kf2 h6 58. Ra4 Rd3 59. Rb4 Rd1 60. Kf3 Rh1 61. Kg2 Re1 62. Kf3 Kf6 63. Rb6+ Re6 64. Rb5 g5 65. Rb4 Rd6 66. Rb5 h5 67. Ke3 Rc6 68. Rb4 Rc3+ 69. Kf2 Ke5 70. Rb5+ Ke4 71. Rb4+ Kd5 72. Rb8 h4 73. gxh4 gxh4 74. Kg2 Rg3+ 75. Kh2 Rc3 76. Rh8 Rc2+ 77. Kg1 Ke4 78. Rxh4+ Kf3 79. Ra4 Rc3 80. h4 f4 81. Ra8 Kg3 82. Rg8+ Kxh4 83. Kf2 Rg3 84. Rxg3 fxg3+ 85. Kg2 Kg4 86. Kg1 1/2-1/2

[Event "Zalakaros op 37th"]
[Site "Zalakaros"]
[Date "2018.05.30"]
[Round "6"]
[White "Marton, Jozsef"]
[Black "Saber, Yasser"]
[Result "0-1"]
[WhiteElo "2080"]
[BlackElo "2266"]
[PlyCount "62"]
[EventDate "2018.05.25"]
[EventType "swiss"]
[EventRounds "9"]
[EventCountry "HUN"]
[SourceTitle "EXT 2019"]
[Source "ChessBase"]
[SourceDate "2018.10.10"]
[SourceVersion "1"]
[SourceVersionDate "2018.10.10"]
[SourceQuality "1"]

1. e4 d6 2. d4 Nf6 3. Nc3 g6 4. Be2 Bg7 5. Nf3 0-0 6. 0-0 c6 7. h3 Nbd7 8. Be3 Qc7 9. a4 e5 10. Qd2 Re8 11. dxe5 Nxe5 12. Rad1 Bf8 13. Nd4 Ned7 14. f3 b6 15. Bf4 Bb7 16. Nb3 Ne5 17. Bg5 Ned7 18. Bf4 Ne5 19. Bg5 Qe7 20. Bxf6 Qxf6 21. f4 Nd7 22. e5 Qg7 23. exd6 Rad8 24. f5 Ne5 25. fxg6 hxg6 26. Qf4 Bxd6 27. Rxd6 Rxd6 28. Ne4 Rde6 29. Nd4 Nf3+ 30. Bxf3 Qxd4+ 31. Kh1 f5 0-1

[Event "Gibraltar Challengers-A"]
[Site "Caleta"]
[Date "2018.01.26"]
[Round "5"]
[White "Saber, Yasser"]
[Black "Lacrosse, Marc"]
[Result "1-0"]
[WhiteElo "2244"]
[BlackElo "2117"]
[PlyCount "75"]
[EventDate "2018.01.22"]
[EventType "swiss"]
[EventRounds "5"]
[EventCountry "GGB"]
[SourceTitle "EXT 2019"]
[Source "ChessBase"]
[SourceDate "2018.10.10"]
[SourceVersion "1"]
[SourceVersionDate "2018.10.10"]
[SourceQuality "1"]

1. d3 d5 2. g3 Nf6 3. Bg2 c6 4. f4 Qc7 5. Nf3 Bg4 6. 0-0 Nbd7 7. h3 Bxf3 8. Bxf3 e5 9. Nc3 Bd6 10. e4 dxe4 11. Nxe4 Nxe4 12. Bxe4 Nf6 13. Bg2 0-0-0 14. Kh1 Rhe8 15. fxe5 Bxe5 16. g4 h6 17. c3 Nd5 18. Qf3 Re7 19. Bd2 Bg3 20. c4 Nb6 21. Bb4 Red7 22. Rad1 f6 23. Ba5 c5 24. b4 Be5 25. Qf5 Kb8 26. Be4 cxb4 27. Rb1 Bc3 28. c5 g6 29. Qf4 Qxf4 30. Rxf4 Nd5 31. Bxd5 Rxd5 32. Bxd8 Rxd8 33. Rd1 a5 34. d4 a4 35. d5 a3 36. d6 Kc8 37. Re4 b3 38. Re3 1-0

[Event "Benidorm op U2300 16th"]
[Site "Benidorm"]
[Date "2017.12.09"]
[Round "10"]
[White "Olcum, Ahmet"]
[Black "Saber, Yasser"]
[Result "1-0"]
[WhiteElo "2231"]
[BlackElo "2248"]
[PlyCount "61"]
[EventDate "2017.12.01"]
[EventType "swiss"]
[EventRounds "10"]
[EventCountry "ESP"]
[SourceTitle "EXT 2019"]
[Source "ChessBase"]
[SourceDate "2018.10.10"]
[SourceVersion "1"]
[SourceVersionDate "2018.10.10"]
[SourceQuality "1"]

1. d4 d6 2. e4 Nf6 3. Nc3 g6 4. Nf3 Bg7 5. Be2 0-0 6. 0-0 c6 7. a4 Qc7 8. a5 e5 9. dxe5 dxe5 10. Be3 Ng4 11. Bc5 Rd8 12. Nd2 h5 13. Bb6 axb6 14. axb6 Qxb6 15. Rxa8 Na6 16. Bxa6 bxa6 17. Nc4 Qc7 18. Ra7 Rxd1 19. Rxc7 Rd8 20. Rd1 Rf8 21. Rxc6 Nf6 22. Nd5 Be6 23. Nxf6+ Bxf6 24. Ne3 Rb8 25. b3 a5 26. Nd5 Bd8 27. Nc7 Bg4 28. f3 Bxc7 29. Rxc7 Be6 30. Rc5 Ra8 31. Ra1 1-0

[Event "Barcelona Sants op 19th"]
[Site "Barcelona"]
[Date "2017.08.25"]
[Round "8"]
[White "Saber, Yasser"]
[Black "Cruz, Jonathan"]
[Result "0-1"]
[WhiteElo "2173"]
[BlackElo "2424"]
[PlyCount "48"]
[EventDate "2017.08.18"]
[EventType "swiss"]
[EventRounds "10"]
[EventCountry "ESP"]
[SourceTitle "CBM 180 Extra"]
[Source "ChessBase"]
[SourceDate "2017.10.06"]
[SourceVersion "1"]
[SourceVersionDate "2017.10.06"]
[SourceQuality "1"]

1. d3 g6 2. g3 Bg7 3. Bg2 e5 4. Nf3 Nc6 5. e4 Nge7 6. 0-0 0-0 7. c3 d5 8. b4 a6 9. Bb2 Bg4 10. Nbd2 Qd7 11. Qc2 Rad8 12. Rfe1 f5 13. exd5 Nxd5 14. a3 Nb6 15. Ng5 Qxd3 16. Qb3+ Kh8 17. Bc1 e4 18. Ra2 Ne5 19. Ne6 Qd7 20. Nxf8 Rxf8 21. c4 Nd3 22. Rf1 Be2 23. c5 Bxf1 24. Bxf1 Nxc1 0-1

[Event "Chefchaouen op 16th"]
[Site "Chefchaouen"]
[Date "2017.07.26"]
[Round "4"]
[White "Saber, Yasser"]
[Black "Tachafine, Anouar"]
[Result "1-0"]
[WhiteElo "2173"]
[BlackElo "1957"]
[PlyCount "99"]
[EventDate "2017.07.24"]
[EventType "swiss"]
[EventRounds "9"]
[EventCountry "MAR"]
[SourceTitle "EXT 2020"]
[Source "ChessBase"]
[SourceDate "2019.10.17"]
[SourceVersion "1"]
[SourceVersionDate "2019.10.17"]
[SourceQuality "1"]

1. d3 e5 2. Nf3 Nc6 3. g3 Nf6 4. Bg2 d5 5. 0-0 Be7 6. a3 0-0 7. b4 a6 8. Bb2 Bd6 9. c4 d4 10. Nbd2 h6 11. c5 Be7 12. Nc4 Nd7 13. e3 Bf6 14. Re1 Re8 15. Ncd2 Nf8 16. exd4 exd4 17. Rxe8 Qxe8 18. Ne4 Qd8 19. Qd2 Be6 20. a4 Bg4 21. b5 axb5 22. axb5 Rxa1+ 23. Bxa1 Bxf3 24. Bxf3 Ne5 25. Bg2 Be7 26. Qe2 Neg6 27. c6 bxc6 28. bxc6 Ne6 29. f4 Nc5 30. f5 Nf8 31. Nf2 Bf6 32. Bb2 Na4 33. Bc1 Nc3 34. Qf3 Qa8 35. Bf4 Qa1+ 36. Bf1 Qa5 37. Bd2 Be5 38. Ng4 Kh7 39. f6 Bxf6 40. Nxf6+ gxf6 41. Qxf6 Qh5 42. Qxd4 Nb5 43. Qf4 Nd6 44. d4 Ne6 45. Qe3 Ng5 46. Be2 Qh3 47. d5 Kg8 48. Bb4 Nf5 49. Qf4 Nd4 50. Bg4 1-0

[Event "Arab Clubs-chT"]
[Site "Marrakesh"]
[Date "2016.12.06"]
[Round "5"]
[White "Saber, Yasser"]
[Black "Ibraheem, Abdul Momin"]
[Result "1-0"]
[WhiteElo "2170"]
[BlackElo "1837"]
[PlyCount "69"]
[EventDate "2016.12.02"]
[EventType "team-tourn"]
[EventRounds "7"]
[EventCountry "MAR"]
[SourceTitle "CBM 176 Extra"]
[Source "ChessBase"]
[SourceDate "2017.03.02"]
[SourceVersion "1"]
[SourceVersionDate "2017.03.02"]
[SourceQuality "1"]
[WhiteTeam "Elmanara"]
[BlackTeam "Nadi ALhijaz"]
[WhiteTeamCountry "MAR"]
[BlackTeamCountry "SAU"]

1. d4 d5 2. Nf3 Nf6 3. c4 e6 4. Nc3 Nbd7 5. Qc2 Bb4 6. e3 b6 7. cxd5 exd5 8. Bd3 Qe7 9. 0-0 0-0 10. a3 Bd6 11. Nb5 c5 12. Nxd6 Qxd6 13. b3 cxd4 14. Nxd4 Ne5 15. Nf5 Bxf5 16. Bxf5 g6 17. Bh3 Neg4 18. g3 Rac8 19. Qe2 h5 20. f3 Nh6 21. e4 Rxc1 22. Raxc1 dxe4 23. fxe4 Re8 24. Bg2 Qd4+ 25. Qf2 Qxf2+ 26. Rxf2 Nxe4 27. Re2 f5 28. Rce1 Rd8 29. Bxe4 fxe4 30. Rxe4 Rd3 31. R4e3 Rd7 32. Re7 Rd3 33. Rc1 Kf8 34. Rxa7 Nf7 35. Rf1 1-0

[Event "Arab Clubs-chT"]
[Site "Marrakesh"]
[Date "2016.12.02"]
[Round "1"]
[White "Saber, Yasser"]
[Black "Hamdouchi, Hicham"]
[Result "1/2-1/2"]
[WhiteElo "2170"]
[BlackElo "2586"]
[PlyCount "117"]
[EventDate "2016.12.02"]
[EventType "team-tourn"]
[EventRounds "7"]
[EventCountry "MAR"]
[SourceTitle "CBM 176 Extra"]
[Source "ChessBase"]
[SourceDate "2017.03.02"]
[SourceVersion "1"]
[SourceVersionDate "2017.03.02"]
[SourceQuality "1"]
[WhiteTeam "Elmanara"]
[BlackTeam "Raja Elbaidaoui"]
[WhiteTeamCountry "MAR"]
[BlackTeamCountry "MAR"]

1. d4 d5 2. Nf3 Nf6 3. c4 c6 4. Nc3 e6 5. e3 Nbd7 6. Qc2 b6 7. e4 dxe4 8. Nxe4 Nxe4 9. Qxe4 Bb4+ 10. Bd2 Bxd2+ 11. Nxd2 Bb7 12. 0-0-0 Qc7 13. c5 0-0-0 14. g3 bxc5 15. dxc5 Nxc5 16. Qe3 Qd6 17. Be2 Qd4 18. Nc4 Qxe3+ 19. fxe3 Kc7 20. Rhf1 f6 21. Na5 Ba8 22. Rf4 Rxd1+ 23. Kxd1 Rd8+ 24. Kc2 f5 25. b4 Ne4 26. Nb3 Bb7 27. Bd3 Nf6 28. Nc5 Bc8 29. Bc4 e5 30. Rf2 Nd5 31. e4 Ne3+ 32. Kb3 g6 33. Be6 Rf8 34. h3 Rf6 35. Bxc8 Kxc8 36. Nd3 Rd6 37. Nxe5 Re6 38. Rf3 Rxe5 39. Rxe3 fxe4 40. Kc3 c5 41. bxc5 Rxc5+ 42. Kd4 Ra5 43. a3 Ra4+ 44. Ke5 Kd7 45. g4 g5 46. Kf6 Kd6 47. Kxg5 Ke5 48. h4 Ra6 49. Rb3 Kd4 50. Rb7 h6+ 51. Kf5 e3 52. g5 hxg5 53. hxg5 Ra5+ 54. Kf4 e2 55. Re7 Kd3 56. g6 Ra6 57. Kf5 Ra5+ 58. Kf4 Ra6 59. Kf5 1/2-1/2